000 00273nam a22001097a 4500
999 _c4105
_d4105
008 250121b ||||| |||| 00| 0 eng d
020 _a9780008652036
082 _a793 NAT
100 _aNATIONAL GEOGRAPHIC
245 _aOCEANS
942 _2ddc
_h793 NAT